| 000 | 01275cam a22002771i 4500 | ||
|---|---|---|---|
| 003 | SA-RiAUC | ||
| 005 | 20260510140635.0 | ||
| 008 | 260423s2013 le g 000 0 ara c | ||
| 020 | _a2745174576 | ||
| 040 |
_aSA-JeALM _bara _cSA-RiAUC _erda |
||
| 082 | 0 | 4 |
_a258.1 _qSA-RiAUC |
| 090 |
_a258.1 _bم ل ا |
||
| 100 | 1 |
_aالملا، برهان الدين ابراهيم بن حسن الملا الحنفي الأحسائي _dتوفى 1048 هـ _eمؤلف. |
|
| 245 | 1 | 0 |
_aتحفة المبتدي / _cبرهان الدين ابراهيم بن حسن الملا، حققه وعلق عليه يحيى بن محمد بن أبو بكر. |
| 246 | 3 | _aطرفة المهتدي إلى تحفة المبتدي | |
| 264 | 1 |
_aالرياض : _aدمشق : _bدار الامام الشافعي، _bدار النعمان للعلوم. _c2002 |
|
| 300 |
_a128 صفحة ؛ _c18 سم. |
||
| 336 |
_aنص _btxt _2rdacontent _3كتاب |
||
| 337 |
_aبدون وسيط _bn _2rdamedia |
||
| 650 | 7 |
_aالوضوء (فقه إسلامي) _2aucsh |
|
| 650 | 7 |
_aالصلاة (فقه إسلامي) _2aucsh |
|
| 650 | 7 |
_aالفقه الحنفي _2aucsh |
|
| 700 |
_aالملا، يحيى بن محمد بن أبي بكر _eمحقق. |
||
| 942 |
_2ddc _cBOOK _n0 |
||
| 949 |
_aSA-JeALM _d260423 _uosman123 _n1 |
||
| 999 |
_c14909 _d14909 |
||